| 000 | 01086nam a2200217Ia 4500 | ||
|---|---|---|---|
| 005 | 20211111075318.0 | ||
| 008 | 130821s2007 ck a gr spa | ||
| 020 | _a9789584427038 | ||
| 040 |
_aCo-BoUCM _bspa _cAldemar Mondragón (modificó) _dAldemar Mondragón (modificó) |
||
| 041 | 0 | 0 | _aspa |
| 245 | 0 | 0 | _aMetodología para la elaboración de planes de emergencia y planes de contingencia para los comités ambientales |
| 260 |
_aMedellín (Antioquia, Colombia) _bUniversidad EAFIT Red para la Gestión del Riesgo en el Valle de Aburrá Área Metropolitana del Valle de Aburrá _c2007 |
||
| 300 |
_a57 páginas _bilustraciones |
||
| 650 | 7 |
_aAdministración de desastres _zValle de Aburrá (Antioquia, Colombia) _957484 |
|
| 650 | 7 |
_aDesastres naturales _zValle de Aburrá (Antioquia, Colombia) _957485 |
|
| 650 | 7 |
_aPrevención de desastres _zValle de Aburrá (Antioquia, Colombia) _957483 |
|
| 690 |
_aProblemas sociales _922324 |
||
| 700 | 1 |
_aFernández Buey, Francisco J. _d1943- _957486 |
|
| 942 |
_cLIBRO _a5 _e1 _mM593 _2DEWEY _h363.348 |
||
| 999 |
_c57268 _d57268 |
||